Bases Curriculares : 1° a 6° básico

Estas bases se fundamentan en una visión de currículum específico para la edad de los estudiantes en esta etapa, orientada al desarrollo del pensamiento. Se busca entregar a los estudiantes aprendizajes que les permitan adquirir la necesaria autonomía para participar en la vida de nuestra sociedad,...

Descripción completa

Detalles Bibliográficos
Autor Corporativo: Chile. Ministerio de Educación
Formato: Libro
Lenguaje:español
Publicado: Santiago, Chile : Ministerio de Educación, 2018.
Materias:
Acceso en línea:Acceso electrónico al documento

MARC

LEADER 00000nam a22000007a 4500
008 200409s2018 cl |||| |||| 00| 0 spa d
952 |0 0  |1 0  |2 ddc  |4 0  |6 RECURSO_ELECTRONICO  |7 0  |8 COMP  |9 93841  |a BC  |b BC  |c General  |d 2020-05-25  |l 0  |o RECURSO ELECTRONICO  |r 2020-05-25 00:00:00  |w 2020-05-25  |y BK  |B PHIS  |A 236 
999 |c 53452  |d 53452 
040 |a UAHC  |c UAHC 
110 |a Chile.  |b Ministerio de Educación  |9 1825 
245 |a Bases Curriculares :  |b  1° a 6° básico  |c Ministerio de Educación. 
260 |a Santiago, Chile :  |b Ministerio de Educación,  |c 2018. 
300 |a 414 p. 
500 |a Sitio visitado https://curriculumnacional.mineduc.cl/614/articles-22394_bases.pdf el 25 de mayo de 2020.  
520 |a Estas bases se fundamentan en una visión de currículum específico para la edad de los estudiantes en esta etapa, orientada al desarrollo del pensamiento. Se busca entregar a los estudiantes aprendizajes que les permitan adquirir la necesaria autonomía para participar en la vida de nuestra sociedad, desarrollándose de tal modo que les sea posible proseguir con éxito las etapas educativas posteriores, entre ellas, el pensamiento crítico y creativo y las capacidades de comunicación y reflexión, permitiéndoles ejercitar su iniciativa y su capacidad de emprender proyectos. 
650 0 |9 45  |a Programas de estudio 
650 0 |9 12019  |a Educación básica  |x Programas de estudio 
856 |y Acceso electrónico al documento  |u https://curriculumnacional.mineduc.cl/614/articles-22394_bases.pdf 
942 |2 ddc  |c BK